[Event "Pobeskydy op"]
[Site "Frydek Mistek"]
[Date "2017.04.16"]
[Round "8"]
[White "Kozak, Pawel"]
[Black "Turcan, Richard"]
[Result "0-1"]
[WhiteElo "1938"]
[BlackElo "2090"]
[PlyCount "122"]
[EventDate "2017.04.13"]
[EventType "swiss"]
[EventRounds "9"]
[EventCountry "CZE"]
[SourceTitle "CBM 177 Extra"]
[Source "ChessBase"]
[SourceDate "2017.04.27"]
[SourceVersion "1"]
[SourceVersionDate "2017.04.27"]
[SourceQuality "1"]

1. c4 Nf6 2. Nc3 g6 3. g3 Bg7 4. Bg2 0-0 5. e3 c6 6. Nge2 d5 7. cxd5 cxd5 8. d4 Nc6 9. 0-0 e6 10. b3 Bd7 11. Nf4 Rc8 12. Bb2 Ne7 13. Nd3 Nf5 14. Ne5 Nd6 15. Nxd7 Qxd7 16. Qd3 Rc6 17. f3 Rfc8 18. Rac1 Bh6 19. Na4 Nf5 20. f4 b6 21. Bf3 Nd6 22. Rxc6 Rxc6 23. Rc1 Rxc1+ 24. Bxc1 Nfe4 25. Bxe4 Nxe4 26. Qc2 Bf8 27. Nb2 Bd6 28. Bd2 h5 29. Nd3 Qe7 30. Nf2 Nxf2 31. Kxf2 h4 32. e4 hxg3+ 33. hxg3 dxe4 34. Qxe4 Qd7 35. g4 Qd8 36. g5 Qc8 37. a4 Kg7 38. Kg2 Kg8 39. Kf2 Qd8 40. Kf3 Bf8 41. Ke3 Bg7 42. Bb4 Qc8 43. Kd2 Qb8 44. Be7 Qc8 45. Bf6 Bxf6 46. gxf6 Qd8 47. Qe5 Qd5 48. Kc3 Qc6+ 49. Kb2 Qg2+ 50. Kc3 Qf3+ 51. Kb4 Qd3 52. Ka3 Qc3 53. Qb8+ Kh7 54. Qf8 Qa1+ 55. Kb4 Qxd4+ 56. Kb5 Qxf6 57. Ka6 Qxf4 58. Kxa7 g5 59. Kxb6 g4 60. b4 g3 61. Qc8 Qxb4+ 0-1

[Event "Pobeskydy op"]
[Site "Frydek Mistek"]
[Date "2017.04.16"]
[Round "7"]
[White "Kula, Dominik"]
[Black "Kozak, Pawel"]
[Result "1/2-1/2"]
[WhiteElo "2100"]
[BlackElo "1938"]
[PlyCount "83"]
[EventDate "2017.04.13"]
[EventType "swiss"]
[EventRounds "9"]
[EventCountry "CZE"]
[SourceTitle "CBM 177 Extra"]
[Source "ChessBase"]
[SourceDate "2017.04.27"]
[SourceVersion "1"]
[SourceVersionDate "2017.04.27"]
[SourceQuality "1"]

1. d4 f5 2. Nc3 Nf6 3. Bg5 e6 4. e4 fxe4 5. Nxe4 Be7 6. Bxf6 Bxf6 7. c3 0-0 8. Bd3 e5 9. dxe5 Bxe5 10. Nf3 Bf4 11. h4 d5 12. Neg5 Qe7+ 13. Kf1 Bxg5 14. hxg5 Bf5 15. Nd4 Bxd3+ 16. Qxd3 g6 17. Re1 Qf7 18. f3 Nc6 19. Nxc6 bxc6 20. Kf2 Rae8 21. Qd4 a6 22. a3 Re7 23. Rxe7 Qxe7 24. Qe3 Qxe3+ 25. Kxe3 c5 26. b4 Re8+ 27. Kd2 a5 28. bxc5 Rb8 29. a4 Rb2+ 30. Ke3 Rxg2 31. f4 Ra2 32. Rb1 Rxa4 33. Rb8+ Kf7 34. Rb7 Re4+ 35. Kd3 Rxf4 36. Rxc7+ Ke6 37. Rxh7 Rc4 38. Rc7 a4 39. c6 Ke5 40. Ra7 Kf4 41. Ra5 Rxc6 42. Rxa4+ 1/2-1/2

[Event "POL-chT3 Liga Slaska"]
[Site "Poland"]
[Date "2007.02.11"]
[Round "4"]
[White "Marzec, Jaroslaw"]
[Black "Kozak, Pawel"]
[Result "1-0"]
[WhiteElo "2100"]
[BlackElo "2030"]
[PlyCount "127"]
[EventDate "2007.01.28"]
[EventType "team-swiss"]
[EventRounds "9"]
[EventCountry "POL"]
[SourceTitle "EXT 2011"]
[Source "ChessBase"]
[SourceDate "2010.11.26"]
[SourceVersion "1"]
[SourceVersionDate "2010.11.26"]
[SourceQuality "1"]
[WhiteTeam "Katowice Zawodzie"]
[BlackTeam "Raciborz KSz Silesia II"]
[WhiteTeamCountry "POL"]
[BlackTeamCountry "POL"]

1. f4 c5 2. c4 Nc6 3. Nf3 g6 4. Nc3 Bg7 5. b3 e6 6. e4 Nge7 7. e5 d6 8. Bb2 dxe5 9. Ne4 Nf5 10. Nxc5 exf4 11. Bxg7 Nxg7 12. Qc2 0-0 13. Qc3 Nf5 14. d4 Ne3 15. Kf2 e5 16. d5 Qb6 17. dxc6 Qxc5 18. Ke2 Ng4 19. Kd2 Nf2 20. b4 Qd6+ 21. Kc2 Nxh1 22. Rd1 Qxc6 23. Nxe5 Qa4+ 24. Kc1 Nf2 25. Re1 Bf5 26. a3 Ne4 27. Qb2 Rad8 28. Nd3 b6 29. Be2 Qd7 30. Nxf4 Qd2+ 31. Qxd2 Nxd2 32. Nd5 Nb3+ 33. Kb2 Nd4 34. Bd1 Kg7 35. Kc3 Ne6 36. g4 Bb1 37. Bb3 Bd3 38. Kxd3 Nf4+ 39. Kd4 Nxd5 40. cxd5 Rfe8 41. Rc1 Re7 42. Rc6 Rdd7 43. h4 Re2 44. Rc3 Rg2 45. g5 Rg4+ 46. Ke5 Rxh4 47. d6 Rg4 48. Kd5 Rd8 49. Rf3 Rxg5+ 50. Kc6 Rf5 51. Rxf5 gxf5 52. Kc7 Re8 53. d7 Re7 54. Kd6 Rxd7+ 55. Kxd7 Kf6 56. Kc6 Ke5 57. Bxf7 f4 58. Kb7 f3 59. Bc4 Kd4 60. Bf1 Ke3 61. Kxa7 Kf2 62. Bc4 Kg1 63. Kxb6 f2 64. a4 1-0

[Event "Karvina op"]
[Site "Karvina"]
[Date "2002.??.??"]
[Round "9.17"]
[White "Kozak, Pawel"]
[Black "Misiuga, Andrzej"]
[Result "0-1"]
[WhiteElo "1800"]
[BlackElo "2237"]
[PlyCount "64"]
[EventDate "2002.06.25"]
[EventType "swiss"]
[EventRounds "9"]
[EventCountry "CZE"]
[SourceTitle "EXT 2003"]
[Source "ChessBase"]
[SourceDate "2002.11.25"]
[SourceVersion "1"]
[SourceVersionDate "2002.11.25"]
[SourceQuality "1"]

1. c4 Nf6 2. Nc3 c5 3. g3 g6 4. Bg2 Bg7 5. e4 Nc6 6. Nge2 d6 7. 0-0 e5 8. d3 Be6 9. Nd5 h6 10. h3 0-0 11. Be3 Nd4 12. Kh2 Kh7 13. f4 Rb8 14. a4 Nxd5 15. exd5 Bd7 16. Nxd4 cxd4 17. Bd2 f5 18. Bb4 Qe7 19. Qe2 Rbe8 20. Rae1 Qf6 21. Qf3 e4 22. dxe4 fxe4 23. Rxe4 Rxe4 24. Qxe4 Re8 25. Qc2 d3 26. Qxd3 Qxb2 27. Bxd6 Re2 28. Qf3 Bf5 29. Be5 Qc2 30. Rg1 Be4 31. Qf1 Rf2 32. Qxf2 Qxf2 0-1